Ferie pericolose
Gardado en:
| Autor Principal: | |
|---|---|
| Formato: | Libro |
| Idioma: | Undetermined |
| Publicado: |
Roma, Italia
Bonacci
2000
|
| Materias: | |
| Etiquetas: |
Engadir etiqueta
Sen Etiquetas, Sexa o primeiro en etiquetar este rexistro!
|
MARC
| LEADER | 00000nam a2200000Ia 4500 | ||
|---|---|---|---|
| 008 | 170316s9999 xx 000 0 und d | ||
| 999 | |c 8211 |d 8211 | ||
| 040 | |a cru BVZT | ||
| 090 | |a 850 S-2.1f | ||
| 100 | |a Santoni, Nicoletta | ||
| 245 | |a Ferie pericolose |c / Nicoletta Santoni | ||
| 260 | |a Roma, Italia |b Bonacci |c 2000 | ||
| 300 | |a 54 páginas | ||
| 650 | |a LITERATURA ITALIANA |9 212 | ||
| 650 | |a NOVELA |9 13 | ||
| 650 | |a EN IDIOMA ITALIANO | ||
| 942 | |c SALA |h 850 S-2.1f |2 z | ||
